00594nam#a22002055a#4500001000500000245007200005250002200077260003200099300003200131020001800163100002700181700002600208080001300234084000800247653004300255040002300298008004100321005001700362003000900379227010aEl Matadero /cEsteban Echeverría ; ilustrado por Oscar Capristo. a1ªed. 1ª reimp. aBuenos Aires :bV&R,c2013. a64 p. ;bil. col. ;c27 cm. a97898761224501 aEcheverría, Esteban.1 aCapristo, Oscar.4ill a860 (82) aE22 aNarrativa Infantil y Juvenil Argentina aAR-ClEAGcAR-ClEAG140411s2013####ag############000#0#und#d20241107184739.0AR-ClEAG